000 00665nam a22002057a 4500
005 20170124110029.0
010 _a047001
020 _c00.00
035 _a047001
037 _bCen Lib/Ret
040 _aDPL
_bEN
082 _a580.3
_bZIM
100 _aZimmer, George Frederick
_921411
245 _aPopular dictionary of botanical names and terms :
_cby George Frederick Zimmer
_bwith their english equivalents /
260 _aLondon
_bRoutldge & Kegan Paul
_c1949
270 _bLondon
_abroadway house, 68-74, carter lane
300 _avi, 122p.
_c17cm(Hb)
650 _aBotany
_xDictionaries
_921412
942 _2ddc
_cEN
_h580.3
_mZIM
999 _c127747
_d127747